000 01387cam a22004337a 4500
001 4573
003 FISKH
005 20240917104350.0
008 110819s2011 dcuab j 000 0 eng d
010 _a 2011284022
020 _a9781426308543 (lib. bdg.)
020 _a142630854X (lib. bdg.)
020 _a9781426308536 (pbk.)
020 _a1426308531 (pbk.)
020 _a9780545404617
040 _aBTCTA
_beng
_cBTCTA
_dBKX
_dDLC
050 _aQL666.C536
082 _a597.92
100 1 _aMarsh, Laura F.
245 1 0 _aSea turtles /
_cLaura Marsh.
260 _aWashington​:
_bScholastic,
_c2011.
300 _a32 pages ;
_bcolor illustrations ; maps ;
_c23 cm
490 1 _aNational Geographic readers.
_vLevel 2
490 1 _aNational geographic kids
500 _a"National Geographic kids"--Cover.
505 _aO
520 _aPresents the life of sea turtles, including where they travel, how they build nests, and what they eat.
521 8 _a620
_bLexile NC
521 8 _aO
_bRaz-Plus
650 0 _aSea turtles
_vJuvenile literature.
650 1 _aSea turtles.
650 7 _aSea turtles.
_2sears
655 7 _aReaders (Elementary)
_2lcsh
830 0 _aNational Geographic readers.
_nLevel 2.
830 0 _aNational geographic kids.
906 _a7
_bcbc
_ccopycat
_d2
_encip
_f20
_gy-gencatlg
942 _2ddc
_cBK
_n0
999 _c4573
_d4573